Detalles MARC
| 000 -CABECERA |
| campo de control de longitud fija |
01165nam a2200277 a 4500 |
| 001 - NÚMERO DE CONTROL |
| campo de control |
000045253 |
| 005 - FECHA Y HORA DE LA ÚLTIMA TRANSACCIÓN |
| campo de control |
20240302073957.0 |
| 008 - DATOS DE LONGITUD FIJA--INFORMACIÓN GENERAL |
| campo de control de longitud fija |
150218s2005 dr ac 000 0bspa d |
| 020 ## - NÚMERO INTERNACIONAL ESTÁNDAR DEL LIBRO |
| Número Internacional Estándar del Libro |
9993454184 |
| 040 ## - FUENTE DE LA CATALOGACIÓN |
| Centro catalogador/agencia de origen |
DO-SdBNP |
| Lengua de catalogación |
spa |
| Centro/agencia transcriptor |
BNPHU |
| 082 ## - NÚMERO DE LA CLASIFICACIÓN DECIMAL DEWEY |
| Número de clasificación |
923.57293 |
| Número de documento/Ítem |
G633v |
| 100 1# - ENTRADA PRINCIPAL--NOMBRE DE PERSONA |
| Nombre de persona |
Gómez, Máximo, |
| Fechas asociadas al nombre |
1836-1905 |
| 9 (RLIN) |
12249 |
| 245 10 - MENCIÓN DE TÍTULO |
| Título |
Vida y escritos : |
| Resto del título |
estudio introductorio selección y notas de Francisco Pérez Guzmán / |
| Mención de responsabilidad, etc. |
Máximo Gómez ; coordinación general Jorge Tena Reyes. |
| 260 ## - PUBLICACIÓN, DISTRIBUCIÓN, ETC. |
| Lugar de publicación, distribución, etc. |
Santo Domingo : |
| Nombre del editor, distribuidor, etc. |
Fundación Corripio, |
| Fecha de publicación, distribución, etc. |
2005. |
| 300 ## - DESCRIPCIÓN FÍSICA |
| Extensión |
402 p. : |
| Otras características físicas |
il., retrs. ; |
| Dimensiones |
23 cm. |
| 490 1# - MENCIÓN DE SERIE |
| Mención de serie |
Biblioteca de clásicos dominicanos |
| Designación de volumen o secuencia |
40 |
| 500 ## - NOTA GENERAL |
| Nota general |
Incluye referencias bibliográficas y notas al pie de las páginas. |
| 504 ## - NOTA DE BIBLIOGRAFÍA, ETC. |
| Nota de bibliografía, etc. |
Bibliografía : p. 393-395 |
| 590 ## - NOTA LOCAL (RLIN) |
| Nota local |
Inventariado, 2019/MFF |
| 600 10 - PUNTO DE ACCESO ADICIONAL DE MATERIA--NOMBRE DE PERSONA |
| Nombre de persona |
Gómez, Máximo, |
| Fechas asociadas al nombre |
1836-1905 |
| 9 (RLIN) |
12249 |
| 651 #4 - PUNTO DE ACCESO ADICIONAL DE MATERIA--NOMBRE GEOGRÁFICO |
| Nombre geográfico |
Cuba |
| Subdivisión general |
Historia |
| Subdivisión cronológica |
GUERRA DE LOS DIEZ AÑOS, 1868-1878 |
| 9 (RLIN) |
11018 |
| 651 #4 - PUNTO DE ACCESO ADICIONAL DE MATERIA--NOMBRE GEOGRÁFICO |
| Nombre geográfico |
Cuba |
| Subdivisión general |
Historia |
| Subdivisión cronológica |
GUERRA DE INDEPENDENCIA, 1895-1898 |
| 9 (RLIN) |
11019 |
| 700 12 - PUNTO DE ACCESO ADICIONAL--NOMBRE DE PERSONA |
| Nombre de persona |
Tena Reyes, Jorge, |
| Término indicativo de función/relación |
coord. |
| 9 (RLIN) |
8252 |
| 830 #0 - PUNTO DE ACCESO ADICIONAL DE SERIE-TÍTULO UNIFORME |
| Título uniforme |
Biblioteca de clásicos dominicanos ; |
| Designación de volumen o secuencia |
40 |
| 9 (RLIN) |
21767 |
| 910 ## - DATOS DE OPCIÓN DEL USUARIO (OCLC) |
| Datos de opción del usuario |
Validado. Control de calidad MFF |